Vista normal
Vista MARC
Entrada Materia (personas)
Número de registros utilizados en: 2
001 - CONTROL NUMBER
- control field: 168466
003 - CONTROL NUMBER IDENTIFIER
- control field: Co-BoUCM
005 - DATE AND TIME OF LATEST TRANSACTION
- control field: 20211112074911.0
008 - FIXED-LENGTH DATA ELEMENTS
- fixed length control field: 211112|| aca||aabn | a|a d
040 ## - CATALOGING SOURCE
- Original cataloging agency: Co-BoUCM
- Transcribing agency: Co-BoUCM
100 ## - HEADING--PERSONAL NAME
- Personal name: González González, Carlos
670 ## - SOURCE DATA FOUND
- Source citation: Work cat.: (Co-BoUCM)73148: González González, Carlos, ISO 9000, QS 9000, ISO 14000 normas internacionales de administración de calidad, sistemas de calidad y sistemas ambientales, 1998